| 000 | 00408nam a2200181Ia 4500 | ||
|---|---|---|---|
| 003 | 0100 | ||
| 008 | 130303s9999 xx 000 0 und d | ||
| 020 | _a809126575 | ||
| 040 | _cARRUPELIB | ||
| 050 | _aBT75.2.M91984 | ||
| 100 | _aMueller, J.J | ||
| 245 | _aWhat are they saying about theological methods? | ||
| 260 | _aNY | ||
| 260 | _bPaulist Press | ||
| 260 | _C1984 | ||
| 300 | _a81p | ||
| 942 | 0 | 0 | _01 |
| 999 |
_c10957 _d10957 |
||